روايت کى اهميت : چند تحقىقى و تنقيدى مقالات کا ايک مجموعه ;; Rivāyat kī ahamiyat : cand taḥqīqī va tanqīdī maqālāt kā ek majmūʻah / (Record no. 85051)
[ view plain ]
| 000 -LEADER | |
|---|---|
| fixed length control field | 01118naa a2200241 a 4500 |
| 001 - CONTROL NUMBER | |
| control field | 85051 |
| 003 - CONTROL NUMBER IDENTIFIER | |
| rucl marc code | BD-RjUL |
| 005 - DATE AND TIME OF LATEST TRANSACTION | |
| control field | 20250625121043.0 |
| 008 - FIXED-LENGTH DATA ELEMENTS--GENERAL INFORMATION | |
| fixed length control field | 250625s1952 pk ||||| |||| 00| f urd d |
| 035 ## - SYSTEM CONTROL NUMBER | |
| System control number | (BD-RjUL)85051 |
| 040 ## - CATALOGING SOURCE | |
| Original cataloging agency | BD-RjUL |
| Language of cataloging | eng |
| Transcribing agency | BD-RjUL |
| 041 ## - LANGUAGE CODE | |
| Language code of text/sound track or separate title | urd |
| 082 ## - DEWEY DECIMAL CLASSIFICATION NUMBER | |
| Edition number | 23 |
| Classification number | 891.4393 |
| Author mark and year | IBR 1952 |
| 100 ## - MAIN ENTRY--PERSONAL NAME | |
| Personal name | عبادت برىلوى;; Ibādat Barelvī |
| Dates associated with a name | 1999-1920 |
| 9 (RLIN) | 15764 |
| 245 ## - TITLE STATEMENT | |
| Title | روايت کى اهميت : چند تحقىقى و تنقيدى مقالات کا ايک مجموعه ;; Rivāyat kī ahamiyat : cand taḥqīqī va tanqīdī maqālāt kā ek majmūʻah / |
| Statement of responsibility, etc. | عبادت بريلوى. / ʻIbādat Barelvī |
| 260 ## - PUBLICATION, DISTRIBUTION, ETC. (IMPRINT) | |
| Place of publication, distribution, etc. | Karācī: |
| Name of publisher, distributor, etc. | انجمن ترقّئ، پاکستان، / Anjuman Taraqqī-yi Urdu, |
| Date of publication, distribution, etc. | 1952 |
| 300 ## - PHYSICAL DESCRIPTION | |
| Pagination | 474 pages ; |
| Size | 21 cm. |
| 490 ## - SERIES STATEMENT | |
| Series statement | Silsilah-yi mat̤būʿāt-i Anjuman Taraqqī-yi Urdū Pākistān ; |
| Volume/sequential designation | shumārah 265, nambar 265 |
| 650 ## - SUBJECT ADDED ENTRY--TOPICAL TERM | |
| Topical term or geographic name as entry element | Urdu literature |
| Topical term or geographic name as entry element | Urdu literature |
| Form subdivision | History and criticism |
| 830 ## - SERIES ADDED ENTRY--UNIFORM TITLE | |
| Uniform title | Silsilah-yi mat̤būʿāt-i Anjuman Taraqqī-yi Urdū Pākistān,; |
| Volume number/sequential designation | shumārah 265, nambar 265 |
| 942 ## - ADDED ENTRY ELEMENTS (KOHA) | |
| Source of classification or shelving scheme | Dewey Decimal Classification |
| Koha item type | Books |
| Lost status | Source of classification or shelving scheme | Damaged status | Not for loan | Collection code | Permanent Location | Current Location | Shelving location | Date acquired | Source of acquisition | Cost, normal purchase price | Total Checkouts | Full call number | Date last seen | Copy number | Koha item type |
|---|---|---|---|---|---|---|---|---|---|---|---|---|---|---|---|
| Dewey Decimal Classification | Not For Loan | Fiction | Central Library, University of Rajshahi | Central Library, University of Rajshahi | Reading Room | 11/05/1967 | Sh, Mubarak Ali | 9.00 | U 891.4393 IBR 1952 | 25/06/2025 | C-1 | Books |